Z czego mogą być wykonane ozdoby, które wieszamy na choince? - Statystyki

Ogólne statystyki
  • Ten quiz został rozwiązany 7 razy
  • Średni wynik to 2 z 6
Statystyki odpowiedzi
Hint Odpowiedź % Poprawnych
1. Papieru
80%
6. Plastiku
80%
4. Szkła
60%
3. Makaronu
0%
5. Owoców
0%
2. Słodyczy
0%
Nie znaleziono quizów pasujących do podanych kryteriów
Rozkład punktacji
Procent ludzi z każdym wynikiem
Percentyl według liczby udzielonych odpowiedzi
Twoja historia wyników
Nie rozwiązałeś tego quizu